Actors who worked with the Farrelly Brothers - Statistics

General Stats
  • This quiz has been taken 31 times
  • The average score is 24 of 82
Answer Stats
Films Answer % Correct
Dumb and Dumber, Dumb and Dumber To, Me, Myself & Irene Jim Carrey
96%
There's Something About Mary Cameron Diaz
92%
There's Something About Mary, The Heartbreak Kid Ben Stiller
88%
The Heartbreak Kid Jerry Stiller
85%
Shallow Hal Jack Black
81%
Green Book Mahershala Ali
81%
Green Book Viggo Mortensen
81%
Shallow Hal Gwyneth Paltrow
77%
Hall Pass Owen Wilson
77%
Dumb and Dumber, Dumb and Dumber To Jeff Daniels
73%
Hall Pass, Fever Pitch Andrew Wilson
69%
Dumb and Dumber To, Osmosis Jones, Kingpin, The Greatest Beer Run Ever Bill Murray
58%
Me, Myself & Irene Renée Zellweger
58%
Stuck on You Matt Damon
54%
Osmosis Jones Chris Rock
50%
There's Something About Mary Matt Dillon
50%
The Greatest Beer Run Ever Zac Efron
50%
Kingpin Woody Harrelson
46%
Fever Pitch Drew Barrymore
42%
Fever Pitch Jimmy Fallon
38%
There's Something About Mary Lee Evans
38%
Stuck on You Greg Kinnear
35%
Kingpin Randy Quaid
35%
The Three Stooges Sean Hayes
35%
Hall Pass Jason Sudeikis
31%
The Greatest Beer Run Ever Russell Crowe
31%
There's Something About Mary Keith David
27%
The Three Stooges Larry David
27%
Osmosis Jones Laurence Fishburne
27%
Dumb and Dumber Lauren Holly
27%
Green Book Linda Cardellini
27%
Stuck on You Cher
23%
Me, Myself & Irene Chris Cooper
23%
Hall Pass Christina Applegate
23%
Me, Myself & Irene, Hall Pass Richard Jenkins
23%
Hall Pass Alexandra Daddario
19%
Hall Pass Alyssa Milano
19%
Me, Myself & Irene Anthony Anderson
19%
Osmosis Jones David Hyde Pierce
19%
Hall Pass Jenna Fischer
19%
The Three Stooges Jennifer Hudson
19%
Dumb and Dumber To Kathleen Turner
19%
The Heartbreak Kid Malin Akerman
19%
The Heartbreak Kid Michelle Monaghan
19%
Dumb and Dumber Mike Starr
19%
There's Something About Mary Sarah Silverman
19%
The Three Stooges Sofía Vergara
19%
Dumb and Dumber Teri Garr
19%
Dumb and Dumber Charles Rocket
15%
There's Something About Mary Chris Elliott
15%
Stuck on You Eva Mendes
15%
The Three Stooges Jane Lynch
15%
Shallow Hal Jason Alexander
15%
Dumb and Dumber Karen Duffy
15%
The Three Stooges Will Sasso
15%
The Three Stooges Chris Diamantopoulos
12%
The Heartbreak Kid Danny McBride
12%
The Heartbreak Kid Eva Longoria
12%
There's Something About Mary Jeffrey Tambor
12%
The Three Stooges Kate Upton
12%
The Greatest Beer Run Ever Kyle Allen
12%
The Three Stooges Max Charles
12%
Me, Myself & Irene Robert Forster
12%
Dumb and Dumber, There's Something About Mary, Me, Myself & Irene, Shallow Hal, Hall Pass, Kingpin Rob Moran
12%
Kingpin Vanessa Angel
12%
Osmosis Jones William Shatner
12%
Shallow Hal Bruce McGill
8%
The Heartbreak Kid Dean Norris
8%
Dumb and Dumber To Laurie Holden
8%
Osmosis Jones Molly Shannon
8%
Dumb and Dumber To Rachel Melvin
8%
Dumb and Dumber To Rob Riggle
8%
Green Book Sebastian Maniscalco
8%
Stuck on You Seymour Cassel
8%
Dumb and Dumber To Tembi Locke
8%
Hall Pass Tyler Hoechlin
8%
There's Something About Mary, Fever Pitch Willie Garson
8%
The Greatest Beer Run Ever Will Ropp
8%
The Greatest Beer Run Ever Jake Picking
4%
Shallow Hal Joe Viterelli
4%
Hall Pass Bo Burnham
0%
Osmosis Jones Brandy Norwood
0%
No matching quizzes found
Score Distribution
Percent of People with Each Score
Percentile by Number Answered
Your Score History
You have not taken this quiz